| 000 | 00377nam a2200121 4500 | ||
|---|---|---|---|
| 999 |
_c10739 _d10739 |
||
| 008 | 180919b ||||| |||| 00| 0 eng d | ||
| 100 |
_931310 _aRosario, Ben R. |
||
| 245 |
_aStiffer penalties eyed for looting and desecration after calamities/ _cBen R. Rosario |
||
| 260 |
_aPhilippines _bManila Bulletin _cc2016 |
||
| 300 | _apage 2. | ||
| 650 | 0 |
_937139 _aLaw. |
|
| 942 |
_2ddc _cPER |
||